<?xml version="1.0" encoding="UTF-8"?>
<record
    xmlns:xsi="http://www.w3.org/2001/XMLSchema-instance"
    xsi:schemaLocation="http://www.loc.gov/MARC21/slim http://www.loc.gov/standards/marcxml/schema/MARC21slim.xsd"
    xmlns="http://www.loc.gov/MARC21/slim">

  <leader>00611nam a22001577a 4500</leader>
  <controlfield tag="003">OSt</controlfield>
  <controlfield tag="005">20150911095410.0</controlfield>
  <controlfield tag="008">150911b        xxu||||| |||| 00| 0 eng d</controlfield>
  <datafield tag="040" ind1=" " ind2=" ">
    <subfield code="c">RUA </subfield>
  </datafield>
  <datafield tag="082" ind1=" " ind2=" ">
    <subfield code="a">AGR &#x179B;&#x17B8; 1995 B014 Or.1</subfield>
  </datafield>
  <datafield tag="100" ind1=" " ind2=" ">
    <subfield code="9">281</subfield>
    <subfield code="a">&#x179B;&#x17B8;&#x200B; &#x179F;&#x17BB;&#x1798;&#x1793;&#x17B6;</subfield>
  </datafield>
  <datafield tag="245" ind1=" " ind2=" ">
    <subfield code="a">&#x1794;&#x17D2;&#x179A;&#x179F;&#x17B7;&#x1791;&#x17D2;&#x1792;&#x17B7;&#x1797;&#x17B6;&#x1796;&#x1793;&#x17C3;&#x1780;&#x17B6;&#x179A;&#x1794;&#x17D2;&#x179A;&#x17BE;&#x1794;&#x17D2;&#x179A;&#x17B6;&#x179F;&#x17CB;&#x17A2;&#x17C6;&#x1794;&#x17B7;&#x179B;&#x179F;&#x1798;&#x17BB;&#x1791;&#x17D2;&#x179A;&#x179B;&#x17BE;&#x1780;&#x17B6;&#x179A;&#x178A;&#x17BB;&#x17C7;&#x179B;&#x17BC;&#x178F;&#x179B;&#x17B6;&#x179F;&#x17CB;&#x179A;&#x1794;&#x179F;&#x17CB;&#x178A;&#x17C6;&#x178E;&#x17B6;&#x17C6;&#x179F;&#x17D2;&#x179A;&#x17BC;&#x179C;&#x1793;&#x17C5;&#x179B;&#x17BE;&#x178A;&#x17B8;&#x1781;&#x17D2;&#x179F;&#x17B6;&#x1785;&#x17CB;</subfield>
  </datafield>
  <datafield tag="260" ind1=" " ind2=" ">
    <subfield code="a">Phnom Penh </subfield>
    <subfield code="b">RUA</subfield>
    <subfield code="c">1995</subfield>
  </datafield>
  <datafield tag="300" ind1=" " ind2=" ">
    <subfield code="a">79p.</subfield>
    <subfield code="b">ill.</subfield>
    <subfield code="c">29cm.</subfield>
  </datafield>
  <datafield tag="942" ind1=" " ind2=" ">
    <subfield code="2">ddc</subfield>
    <subfield code="c">AGR</subfield>
  </datafield>
  <datafield tag="999" ind1=" " ind2=" ">
    <subfield code="c">261</subfield>
    <subfield code="d">261</subfield>
  </datafield>
  <datafield tag="952" ind1=" " ind2=" ">
    <subfield code="0">0</subfield>
    <subfield code="1">0</subfield>
    <subfield code="2">ddc</subfield>
    <subfield code="4">0</subfield>
    <subfield code="6">AGR_&#x179B;&#x17B8;_1995_000000000000000_B014_OR_1</subfield>
    <subfield code="7">0</subfield>
    <subfield code="9">1138</subfield>
    <subfield code="a">LBB</subfield>
    <subfield code="b">LBB</subfield>
    <subfield code="c">B014</subfield>
    <subfield code="d">2015-09-11</subfield>
    <subfield code="o">AGR &#x179B;&#x17B8; 1995 B014 Or.1</subfield>
    <subfield code="p">RUA003851</subfield>
    <subfield code="r">2015-09-11</subfield>
    <subfield code="w">2015-09-11</subfield>
    <subfield code="y">AGR</subfield>
  </datafield>
  <datafield tag="952" ind1=" " ind2=" ">
    <subfield code="0">0</subfield>
    <subfield code="1">0</subfield>
    <subfield code="2">ddc</subfield>
    <subfield code="4">0</subfield>
    <subfield code="6">AGR_&#x179B;&#x17B8;_1995_000000000000000_B014_OR_2</subfield>
    <subfield code="7">0</subfield>
    <subfield code="9">1139</subfield>
    <subfield code="a">LBB</subfield>
    <subfield code="b">LBB</subfield>
    <subfield code="c">B014</subfield>
    <subfield code="d">2015-09-11</subfield>
    <subfield code="o">AGR &#x179B;&#x17B8; 1995 B014 Or.2</subfield>
    <subfield code="p">RUA003149</subfield>
    <subfield code="r">2015-09-11</subfield>
    <subfield code="w">2015-09-11</subfield>
    <subfield code="y">AGR</subfield>
  </datafield>
  <datafield tag="952" ind1=" " ind2=" ">
    <subfield code="0">0</subfield>
    <subfield code="1">0</subfield>
    <subfield code="2">ddc</subfield>
    <subfield code="4">0</subfield>
    <subfield code="6">AGR_&#x179B;&#x17B8;_1995_000000000000000_B014_OR_3</subfield>
    <subfield code="7">0</subfield>
    <subfield code="9">1140</subfield>
    <subfield code="a">LBB</subfield>
    <subfield code="b">LBB</subfield>
    <subfield code="c">B014</subfield>
    <subfield code="d">2015-09-11</subfield>
    <subfield code="o">AGR &#x179B;&#x17B8; 1995 B014 Or.3</subfield>
    <subfield code="p">RUA003019</subfield>
    <subfield code="r">2015-09-11</subfield>
    <subfield code="w">2015-09-11</subfield>
    <subfield code="y">AGR</subfield>
  </datafield>
  <datafield tag="952" ind1=" " ind2=" ">
    <subfield code="0">0</subfield>
    <subfield code="1">0</subfield>
    <subfield code="2">ddc</subfield>
    <subfield code="4">0</subfield>
    <subfield code="6">AGR_&#x179B;&#x17B8;_1995_000000000000000_B014_OR_4</subfield>
    <subfield code="7">0</subfield>
    <subfield code="9">1141</subfield>
    <subfield code="a">LBB</subfield>
    <subfield code="b">LBB</subfield>
    <subfield code="c">B014</subfield>
    <subfield code="d">2015-09-11</subfield>
    <subfield code="o">AGR &#x179B;&#x17B8; 1995 B014 Or.4</subfield>
    <subfield code="p">RUA003164</subfield>
    <subfield code="r">2015-09-11</subfield>
    <subfield code="w">2015-09-11</subfield>
    <subfield code="y">AGR</subfield>
  </datafield>
  <datafield tag="952" ind1=" " ind2=" ">
    <subfield code="0">0</subfield>
    <subfield code="1">0</subfield>
    <subfield code="2">ddc</subfield>
    <subfield code="4">0</subfield>
    <subfield code="6">AGR_&#x179B;&#x17B8;_1995_000000000000000_B014_OR_5</subfield>
    <subfield code="7">0</subfield>
    <subfield code="9">1142</subfield>
    <subfield code="a">LBB</subfield>
    <subfield code="b">LBB</subfield>
    <subfield code="c">B014</subfield>
    <subfield code="d">2015-09-11</subfield>
    <subfield code="l">1</subfield>
    <subfield code="o">AGR &#x179B;&#x17B8; 1995 B014 Or.5</subfield>
    <subfield code="p">RUA003092</subfield>
    <subfield code="r">2025-12-25</subfield>
    <subfield code="s">2025-11-25</subfield>
    <subfield code="w">2015-09-11</subfield>
    <subfield code="y">AGR</subfield>
  </datafield>
  <datafield tag="952" ind1=" " ind2=" ">
    <subfield code="0">0</subfield>
    <subfield code="1">0</subfield>
    <subfield code="2">ddc</subfield>
    <subfield code="4">0</subfield>
    <subfield code="6">AGR_&#x179B;&#x17B8;_1995_000000000000000_B014_OR_6</subfield>
    <subfield code="7">0</subfield>
    <subfield code="9">1143</subfield>
    <subfield code="a">LBB</subfield>
    <subfield code="b">LBB</subfield>
    <subfield code="c">B014</subfield>
    <subfield code="d">2015-09-11</subfield>
    <subfield code="o">AGR &#x179B;&#x17B8; 1995 B014 Or.6</subfield>
    <subfield code="p">RUA003264</subfield>
    <subfield code="r">2015-09-11</subfield>
    <subfield code="w">2015-09-11</subfield>
    <subfield code="y">AGR</subfield>
  </datafield>
  <datafield tag="952" ind1=" " ind2=" ">
    <subfield code="0">0</subfield>
    <subfield code="1">0</subfield>
    <subfield code="2">ddc</subfield>
    <subfield code="4">0</subfield>
    <subfield code="6">AGR_&#x179B;&#x17B8;_1995_000000000000000_B014_OR_7</subfield>
    <subfield code="7">0</subfield>
    <subfield code="9">1144</subfield>
    <subfield code="a">LBB</subfield>
    <subfield code="b">LBB</subfield>
    <subfield code="c">B014</subfield>
    <subfield code="d">2015-09-11</subfield>
    <subfield code="o">AGR &#x179B;&#x17B8; 1995 B014 Or.7</subfield>
    <subfield code="p">RUA003571</subfield>
    <subfield code="r">2015-09-11</subfield>
    <subfield code="w">2015-09-11</subfield>
    <subfield code="y">AGR</subfield>
  </datafield>
  <datafield tag="952" ind1=" " ind2=" ">
    <subfield code="0">0</subfield>
    <subfield code="1">0</subfield>
    <subfield code="2">ddc</subfield>
    <subfield code="4">0</subfield>
    <subfield code="6">AGR_&#x179B;&#x17B8;_1995_000000000000000_B014_OR_8</subfield>
    <subfield code="7">0</subfield>
    <subfield code="9">1145</subfield>
    <subfield code="a">LBB</subfield>
    <subfield code="b">LBB</subfield>
    <subfield code="c">B014</subfield>
    <subfield code="d">2015-09-11</subfield>
    <subfield code="l">2</subfield>
    <subfield code="o">AGR &#x179B;&#x17B8; 1995 B014 Or.8</subfield>
    <subfield code="p">RUA003203</subfield>
    <subfield code="r">2020-02-07</subfield>
    <subfield code="s">2020-01-03</subfield>
    <subfield code="w">2015-09-11</subfield>
    <subfield code="y">AGR</subfield>
  </datafield>
</record>
